000 00429nam a22001457a 4500
003 OSt
008 250730b |||||||| |||| 00| 0 eng d
082 _a579.60715
_bL18I
100 _aPuya Laishram
245 _aImpact of Mushroom Based Training Apropos Community Development on Trainees of Advance Center of Mushroom Research
260 _aRPCAU, Pusa
_bHSECM
_c2024
300 _a50
502 _bM.Sc.(HSECM)
942 _2ddc
_cT
999 _c48634
_d48634